Online
Catalog

La pista de los extraterrestres / (Record no. 22540)

MARC details
000 -CABECERA
campo de control de longitud fija 00958nam a2200277 a 4500
001 - NÚMERO DE CONTROL
campo de control 000023043
005 - FECHA Y HORA DE LA ÚLTIMA TRANSACCIÓN
campo de control 20250725140219.0
008 - DATOS DE LONGITUD FIJA--INFORMACIÓN GENERAL
campo de control de longitud fija 101125s1980 sp a r 000 0 spa d
020 ## - NÚMERO INTERNACIONAL ESTÁNDAR DEL LIBRO
Número Internacional Estándar del Libro 8424128591
040 ## - FUENTE DE LA CATALOGACIÓN
Centro catalogador/agencia de origen DO-SdBNP
Lengua de catalogación spa
Centro/agencia transcriptor BNPHU
082 ## - NÚMERO DE LA CLASIFICACIÓN DECIMAL DEWEY
Número de clasificación 523
Número de documento/Ítem T176p
049 ## - FONDOS LOCALES (OCLC)
Fondos de biblioteca BNGR
100 1# - ENTRADA PRINCIPAL--NOMBRE DE PERSONA
Nombre de persona Tarade, Guy,
Fechas asociadas al nombre 1930-
9 (RLIN) 47413
240 10 - TÍTULO UNIFORME
Título uniforme J'ai retrouvé la piste des extra-terrestres.
Lenguaje de la obra Español.
245 10 - MENCIÓN DE TÍTULO
Título La pista de los extraterrestres /
Mención de responsabilidad, etc. Guy Tarade ; traducción Encarnación Fuertes García.
260 ## - PUBLICACIÓN, DISTRIBUCIÓN, ETC.
Lugar de publicación, distribución, etc. Madrid (España) :
Nombre del editor, distribuidor, etc. Editorial Everest,
Fecha de publicación, distribución, etc. 1980.
300 ## - DESCRIPCIÓN FÍSICA
Extensión 238, [1] p. :
Otras características físicas il. ;
Dimensiones 19 cm.
490 1# - MENCIÓN DE SERIE
Mención de serie Caduceo
534 ## - NOTA SOBRE LA VERSIÓN ORIGINAL
Encabezamiento principal del original Título original:
Mención de título del original J'ai retrouvé la piste des extra-terrestres.
650 #0 - PUNTO DE ACCESO ADICIONAL DE MATERIA--TÉRMINO DE MATERIA
Término de materia o nombre geográfico como elemento de entrada Astronomía
9 (RLIN) 25809
650 #4 - PUNTO DE ACCESO ADICIONAL DE MATERIA--TÉRMINO DE MATERIA
Término de materia o nombre geográfico como elemento de entrada Vida en otro planeta
9 (RLIN) 47414
650 #4 - PUNTO DE ACCESO ADICIONAL DE MATERIA--TÉRMINO DE MATERIA
Término de materia o nombre geográfico como elemento de entrada Comunicación interestelar
9 (RLIN) 47415
650 #0 - PUNTO DE ACCESO ADICIONAL DE MATERIA--TÉRMINO DE MATERIA
Término de materia o nombre geográfico como elemento de entrada Cosmología
9 (RLIN) 1848
700 1# - PUNTO DE ACCESO ADICIONAL--NOMBRE DE PERSONA
Nombre de persona Fuertes García, Encarnación
Término indicativo de función/relación tr.
9 (RLIN) 47416
830 #0 - PUNTO DE ACCESO ADICIONAL DE SERIE-TÍTULO UNIFORME
Título uniforme Caduceo
9 (RLIN) 47417
Holdings
Estado de retiro Estado de pérdida Restricciones de uso No para préstamo Código de colección Localización permanente Ubicación/localización actual Ubicación en estantería Fecha de adquisición Número de inventario Total de préstamos Signatura topográfica completa Código de barras Fecha visto por última vez Precio válido a partir de Tipo de ítem Koha
        Monografías: Libros y Folletos General General En catalogación 25.11.2010 LF1   523 T176p 23043-10 25.06.2020 25.06.2020 Préstamo en sala

Powered by Koha